000 00386nam a2200145Ia 4500
008 231129s1996||||xx |||||||||||||| ||spa||
020 _a84-413-0298
040 _bspa
082 _aU813.5 L415m
100 _aLawhead Stephen
245 0 _aLa mano de plata \ Srephen Lawhead
260 _c1996
264 _aTimun Mas; Ceac
942 _2ddc
_cBKS
999 _c17554
_d17554